Anteproyecto de torre, restaurante y mirador giratorio de la Loma de Tiscapa. Tiscapa, Distrito I, Managua
El presente proyecto propone la construcción de una torre giratoria, restaurante y mirador en la Loma de Tiscapa, Managua, ofreciendo como atracción principal la degustación de la gastronomía nacional e internacional en un restaurante de clasificación 5 tenedores en el punto culminante de la to...
| Main Authors: | , |
|---|---|
| Other Authors: | |
| Format: | Tesis Section = Libro |
| Language: | Undetermined Spanish |
| Published: |
Managua
UNI
2019
|
| Subjects: |
| LEADER | 01245nam a2200277Ia 4500 | ||
|---|---|---|---|
| 008 | 240830s9999 xx 000 0 und d | ||
| 040 | |a BIBLIOTECA-RUSB/ Mon 721 G178 | ||
| 041 | |a spa | ||
| 082 | |a Mon 721 G178 | ||
| 100 | 1 | |a Galo Lau, Dianne Suyen | |
| 100 | 1 | |b Carvajal Meza, Miguel Angel | |
| 245 | 1 | 0 | |a Anteproyecto de torre, restaurante y mirador giratorio de la Loma de Tiscapa. Tiscapa, Distrito I, Managua |
| 260 | |a Managua |b UNI |c 2019 | ||
| 300 | |a 89 p. :il. | ||
| 500 | |a Contiene anexos y CD. | ||
| 502 | |a Tesis (Arquitecto) - UNI, 2019. | ||
| 520 | 3 | |a El presente proyecto propone la construcción de una torre giratoria, restaurante y mirador en la Loma de Tiscapa, Managua, ofreciendo como atracción principal la degustación de la gastronomía nacional e internacional en un restaurante de clasificación 5 tenedores en el punto culminante de la torre, permitiéndole además a los usuarios un giro de 360 ° por hora. | |
| 650 | 7 | |a DISEÑO DE ESTRUCTURAS | |
| 650 | 7 | |b CIRCUITO TURISTICO | |
| 650 | 7 | |c ARQUITECTURA- DISEÑOS Y PLANOS | |
| 650 | 7 | |d PROYECTO DE DESARROLLO | |
| 650 | 7 | |e PAISAJE URBANO | |
| 700 | 1 | |a Tutor: |b Castillo Vanegas, Ingrid María | |
| 942 | |c BK |2 ddc | ||
| 991 | |a TESIS | ||
| 999 | |c 21158 | ||